|
|
|
|
| LEADER |
01470nam a2200289 a 4500 |
| 001 |
GR-MES16613 |
| 008 |
140724s2012 gr gz 000 0 gre d |
| 040 |
|
|
|a GrPaTEI
|b gre
|c GR-PaULI
|
| 040 |
|
|
|a GrPaTEI
|b gre
|c GR-PaULI
|
| 100 |
1 |
|
|a Καραχάλιος, Αθανάσιος
|
| 245 |
1 |
0 |
|a Διαδικασίες λογιστικού προσδιορισμού οικονομικού :
|b αποτελέσματος στα βιβλία Γ'κατηγορίας /
|c Σπουδαστής:Αθανάσιος Καραχάλιος ; Επιβλέπων:Λουκάς Πετράκης.
|
| 260 |
|
|
|a Μεσολόγγι :
|b ΤΕΙ Δυτικής Ελλάδας,
|c 2012
|
| 300 |
|
|
|a 93 σ. :
|b εικ.,σχημ.
|
| 504 |
|
|
|a βιβλιογραφία:σ.90
|
| 650 |
|
4 |
|a Αποσβέσεις
|
| 650 |
|
4 |
|a Ισολογισμός
|
| 650 |
|
4 |
|a Λογιστική
|
| 650 |
|
4 |
|a Λογιστικό σχέδιο,γενικό
|
| 650 |
|
4 |
|a Πτυχιακή εργασία
|y 2012
|
| 700 |
1 |
|
|a Πετράκης, Λουκάς
|
| 710 |
0 |
|
|a ΤΕΙ Δυτικής Ελλάδας
|
| 710 |
2 |
|
|a Σ.Δ.Ο. Τμήμα Λογιστικής
|
| 856 |
4 |
0 |
|u https://nereus.library.upatras.gr/formermes//ptyxiakes/sdo/sdo_log/2011-2015/195pe.pdf
|
| 942 |
|
|
|2 ddc
|
| 952 |
|
|
|0 0
|1 0
|2 ddc
|4 0
|7 0
|9 274618
|a MSLG
|b MSLG
|c BSC
|d 2021-01-17
|e 24
|f 0
|g 0.00
|l 0
|p 24200195
|r 2021-01-17 00:00:00
|t 1
|v 2021.00
|w 2021-01-17
|y BK15
|x 20140724 0 K.G. 0
|x GrPaTEI
|
| 971 |
|
|
|a .b25826621
|b 15-04-20
|c 13-09-16
|
| 999 |
|
|
|c 158946
|d 158946
|